[Event "CAMPEONATO CONTINENTAL ABSOLUT"]
[Site "Hotel Torre de Cali, Cali, Co"]
[Date "2007.07.19"]
[Round "10.55"]
[White "Guerrero, Hernando"]
[Black "Rodriguez Montoya, Juan Andres"]
[Result "1-0"]
[WhiteElo "2041"]
[BlackElo "2009"]
[PlyCount "31"]
[EventDate "2007.07.10"]

1. e4 e5 2. Nf3 Nc6 3. d4 exd4 4. Nxd4 Nxd4 5. Qxd4 Nf6 6. Bg5 Be7 7. Nc3 O-O
8. Bd3 Re8 9. O-O-O d6 10. h3 c5 11. Qe3 b6 12. f4 Bb7 13. Qf2 Bxe4 14. Bxf6
Bxd3 15. Bxe7 Rxe7 16. Rxd3 1-0